|
|
|
|
| LEADER |
00000cam a2200000 7i4500 |
| 001 |
0000003439 |
| 005 |
20060321.0 |
| 020 |
0 |
0 |
|a 9747946734
|
| 090 |
0 |
0 |
|a 634.90951
|b FOR
|
| 245 |
1 |
0 |
|a Forest certification in China :
|b Latest developments and future strategies :
|b Workshop report, Hangzhou, China, 21-23 July 2004.
|c Compiled & edited by Philip McKenzie and Patrick B. Durst
|
| 260 |
0 |
0 |
|a Bangkok, Thailand :
|b Food and Agriculture Organization of The United Nations Regional Office for Asia and the Pacific. ,
|c 2005
|
| 300 |
|
|
|a v, 79 p. :
|b ill. ;
|c 30 cm.
|
| 650 |
0 |
0 |
|a Forest and forestry
|x Workshop report
|
| 650 |
0 |
0 |
|a Forest management
|x Workshop report
|
| 700 |
1 |
1 |
|a Durst, Patrick B.
|
| 700 |
1 |
1 |
|a McKenzie, Philip
|
| 710 |
2 |
1 |
|a Food and Agriculture Organization of The United Nations Regional Office for Asia and the Pacific
|
| 999 |
|
|
|a 0000006253
|b Monograph
|c Open Shelf
|e Default branch
|